000 00583nam a22002177a 4500
003 UA-OsUOA
001 104836
007 ta
008 20140129b un ||||| |||| 00| 0 ukr d
100 _aБуклемышев О.
090 _a330
_bБ90
942 _cSA
040 _aUA-OsUOA
_brus
_cUA-OsUOA
_dUA-OsUOA
245 _aФискальное стимулирование и российские бюджетные фонды
300 _aС.74-86
955 _a0
041 _arus
080 _a330
773 0 _w104834
650 7 _a330 Економіка взагалі
_2UDC
999 _c391130
_d391130